[Event "Robert Silk Young Masters"]
[Site "London Barbican"]
[Date "1982.07.16"]
[Round "4"]
[White "Davies, Nigel Rodney"]
[Black "Watson, William N"]
[Result "1/2-1/2"]
[WhiteElo "2410"]
[BlackElo "2370"]
[Annotator "Reuben, Stewart"]
[PlyCount "58"]
[EventDate "1982.07.13"]
[EventType "tourn"]
[EventRounds "9"]
[EventCountry "ENG"]
[EventCategory "5"]

{White's opening choice never really impresses. Black obtained a significant
plus but ran short of time. Davies, probably somewhat relieved at getting away
with it, accepted Watson's draw offer with alacrity. However, it is by no
means clear who stands better in the final position. I think that I eventually
convinced the players in the post-mortem that 28...Qxb5, or perhaps 27...Rc7,
preventing the White queen getting among the pigeons at d7, was more discreet.
} 1. e4 c5 2. Nf3 d6 3. Bb5+ Bd7 4. a4 Nf6 5. d3 Nc6 6. O-O g6 7. Nbd2 Bg7 8.
Nc4 O-O 9. Re1 Rc8 10. Bg5 Be6 11. Qd2 Qc7 12. Bh6 Nd4 13. Nxd4 Bxh6 14. Qxh6
cxd4 15. Na3 Ng4 16. Qh4 a6 17. Bc4 Bxc4 18. Qxg4 Be6 19. Qh4 f6 20. f4 Qc5 21.
Re2 Qb4 22. b3 b5 23. f5 Bf7 24. fxg6 hxg6 25. Nb1 Kg7 26. h3 Rh8 27. Qg4 Rc5
28. axb5 Rg5 29. Qd7 Qxb5 1/2-1/2

[Event "Robert Silk Young Masters"]
[Site "London Barbican"]
[Date "1982.07.16"]
[Round "4"]
[White "Norris, Alan J"]
[Black "Motwani, Paul"]
[Result "1/2-1/2"]
[WhiteElo "2280"]
[BlackElo "2255"]
[Annotator "Reuben, Stewart"]
[PlyCount "107"]
[EventDate "1982.07.13"]
[EventType "tourn"]
[EventRounds "9"]
[EventCountry "ENG"]
[EventCategory "5"]

{A game replete with tactical errors. Some have complained about the heat in
the tournament hall, which does leave a great deal to be desired. 21...a5
would have avoided the loss of material. Even 22...Rfc8 would have helped in
that way, although it is an extremely ugly move. 50 h4 is an elementary error.
50...Kd5 leaves the issue in no doubt whatsoever. A pity. We had high hopes of
this Scottish derby.} 1. d4 g6 2. e4 Bg7 3. Nc3 d6 4. f4 c6 5. Be3 Qb6 6. Rb1
Nf6 7. Nf3 O-O 8. Be2 Bg4 9. Qd2 d5 10. e5 Ne4 11. Nxe4 dxe4 12. Ng5 Bxe2 13.
Qxe2 Qa5+ 14. c3 Qxa2 15. O-O f5 16. exf6 exf6 17. Nxe4 Qd5 18. Nc5 b6 19. Nd3
f5 20. Nb4 Qe6 21. Rbe1 Nd7 22. Qf3 Rac8 23. d5 cxd5 24. Bc5 Qf7 25. Bxf8 Bxf8
26. Qxd5 Qxd5 27. Nxd5 Kf7 28. Ra1 a5 29. Rfd1 Bc5+ 30. Kf1 Nf6 31. Nxf6 Kxf6
32. Rd7 h5 33. Rad1 Re8 34. Re1 Ra8 35. Rc7 a4 36. Rc6+ Kf7 37. Ree6 a3 38.
Rf6+ Ke7 39. Rce6+ Kd7 40. bxa3 Rxa3 41. Rxg6 Rxc3 42. Re5 b5 43. Rxf5 b4 44.
Rf7+ Be7 45. Rgg7 Re3 46. Kf2 Re4 47. Rxe7+ Rxe7 48. Rxe7+ Kxe7 49. Ke3 Ke6 50.
h4 $2 (50. Kd4 $18) 50... Kd5 51. Kd3 Kc5 52. Kc2 Kd5 53. Kb3 Kc5 54. Kb2
1/2-1/2

[Event "Robert Silk Young Masters"]
[Site "London Barbican"]
[Date "1982.07.16"]
[Round "4"]
[White "Rogulj, Branko"]
[Black "Hebden, Mark L"]
[Result "0-1"]
[WhiteElo "2400"]
[BlackElo "2415"]
[Annotator "Reuben, Stewart"]
[PlyCount "100"]
[EventDate "1982.07.13"]
[EventType "tourn"]
[EventRounds "9"]
[EventCountry "ENG"]
[EventCategory "5"]

{Probably the best game of the tournament to date. I would be extremely
reluctant to comment on the tactics in the middlegame, except to say that
Blacl always seemed to have compensation for hgis various pawns sacrificed.
Although White had the outside passed pawn in the endame reached, Black stood
better because the e3 pawn was weak. The sealed move 44.Nc8 seems strange, but
White feared the position resulting after 44 Nc4 Qe6 45 Qxe6 fxe6. A game too
long to find its way into newspaper columns, but nonetheless one that makes
these events worthwhile..} 1. e4 e5 2. Nf3 Nc6 3. Bb5 a6 4. Ba4 Nf6 5. O-O Be7
6. Re1 b5 7. Bb3 O-O 8. a4 Bb7 9. d3 d6 10. Bd2 b4 11. c3 d5 12. cxb4 Re8 13.
b5 axb5 14. Nc3 Nb4 15. Bg5 h6 16. Bxf6 Bxf6 17. Nxb5 c6 18. Nc3 Ba6 19. exd5
Bxd3 20. dxc6 e4 21. Nd2 Bxc3 22. bxc3 Nxc6 23. Qh5 Qf6 24. Re3 Ra5 25. Qd1 Rc5
26. Bc2 Rxc3 27. Bxd3 Rxd3 28. Rc1 Rxe3 29. fxe3 Qg6 30. Nc4 Rd8 31. Qf1 Qe6
32. a5 Nb4 33. Ra1 Nd3 34. Nb6 Qc6 35. Qf5 g6 36. Qf1 Qc5 37. Qe2 Nb4 38. h3
Rd3 39. Kh1 Rxe3 40. Qd2 Rd3 41. Qf4 e3 42. Qe4 Qd6 43. Rf1 Kg7 44. Nc8 Qc5 45.
Qb7 Qc4 46. Nb6 e2 47. Re1 Qf4 48. Qe7 Qf1+ 49. Kh2 Qxe1 50. Qe5+ Kh7 0-1

[Event "Robert Silk Young Masters"]
[Site "London Barbican"]
[Date "1982.07.16"]
[Round "4"]
[White "Tisdall, Jonathan D"]
[Black "Taulbut, Shaun M"]
[Result "1-0"]
[WhiteElo "2435"]
[BlackElo "2465"]
[Annotator "Reuben, Stewart"]
[PlyCount "59"]
[EventDate "1982.07.13"]
[EventType "tourn"]
[EventRounds "9"]
[EventCountry "ENG"]
[EventCategory "5"]

{Although the opening system is perfectly satisfactory for Black, he must
always be careful and precise about his development. Developing the knight
from b8-d7-b6 is rather awkeard. Possibly 9...Nb8 is better than the text!
Aiming to play e5 somewhat over-extended Black's centre. 29...Bb4 was a bad
blunder, but it did not matter, as Black was lost by then.} 1. d4 d5 2. Nf3 Nf6
3. c4 c6 4. Nc3 g6 5. e3 Bg7 6. Be2 O-O 7. O-O Nbd7 8. cxd5 cxd5 9. b3 Nb6 10.
Ba3 Ne4 11. Rc1 Bf5 12. Ne5 Rc8 13. Qe1 Nd6 14. Bb4 f6 15. Nd3 e5 16. Bc5 Re8
17. Bxb6 axb6 18. dxe5 Ne4 19. Nf4 fxe5 20. Nfxd5 Qg5 21. Kh1 Nxc3 22. Nxc3 Bf8
23. Bc4+ Kh8 24. Qe2 e4 25. Nb5 Bg4 26. Qe1 h5 27. a4 h4 28. Be2 h3 29. gxh3
Bb4 30. Rxc8 1-0

[Event "Robert Silk Young Masters"]
[Site "London Barbican"]
[Date "1982.07.18"]
[Round "5"]
[White "Cox, John J"]
[Black "Tisdall, Jonathan D"]
[Result "1/2-1/2"]
[WhiteElo "2300"]
[BlackElo "2435"]
[Annotator "Reuben, Stewart"]
[PlyCount "107"]
[EventDate "1982.07.13"]
[EventType "tourn"]
[EventRounds "9"]
[EventCountry "ENG"]
[EventCategory "5"]

{Harry Golombek said that the only way to comment on John Cox's games in this
tournament was to wait until he had finished and then look at the result. In
fact, White obtained the better of the opening but later Black got the upper
hand. 39...Be2 would have been a good winning try.} 1. c4 Nf6 2. Nc3 e5 3. e3
d6 4. d4 Nbd7 5. Nf3 c6 6. Be2 Be7 7. b3 O-O 8. Bb2 Re8 9. O-O a6 10. Qc2 Qc7
11. Rad1 Bf8 12. Ng5 b5 13. Nge4 h6 14. Nxf6+ Nxf6 15. dxe5 dxe5 16. Ne4 Nxe4
17. Qxe4 Bb7 18. h4 c5 19. Qf5 Bc6 20. h5 Qe7 21. Rd2 e4 22. Rfd1 Rad8 23. Bg4
Rxd2 24. Rxd2 bxc4 25. bxc4 Qb7 26. a3 Qb3 27. Be2 Qa2 28. Qg4 Qb1+ 29. Bf1 Ba4
30. Qe2 Re6 31. g3 Rd6 32. Rxd6 Bxd6 33. Qd2 Bc7 34. Kg2 Qd1 35. Qe2 Ba5 36.
Kh2 Be1 37. Kg1 f6 38. Qxd1 Bxd1 39. Bg2 Bc2 40. Bh3 Kf7 41. Bc8 Bd1 42. Bb7
Be2 43. Bd5+ Ke7 44. Kg2 Kd6 45. Kg1 Kc7 46. Kg2 Kb6 47. Bxe4 Bxc4 48. Bc2 Be2
49. f3 Kc6 50. g4 Kd6 51. Ba1 Ke7 52. Bb2 Kd6 53. Ba1 Ke7 54. Bb2 1/2-1/2

[Event "Robert Silk Young Masters"]
[Site "London Barbican"]
[Date "1982.07.18"]
[Round "5"]
[White "Hebden, Mark L"]
[Black "Norris, Alan J"]
[Result "1/2-1/2"]
[WhiteElo "2415"]
[BlackElo "2280"]
[Annotator "Reuben, Stewart"]
[PlyCount "77"]
[EventDate "1982.07.13"]
[EventType "tourn"]
[EventRounds "9"]
[EventCountry "ENG"]
[EventCategory "5"]

{Mark's ames are seldom dull and this was no exception. Does he play f4 in all
his games? Black's play was particularly enterprising and the opening is most
intriguing. That's an uninformative comment for you! 12 Qc3 is another
tactical possibility. Clearly Black stood considerably better but White still
has a wide range of choices at move 26. Probably Bh3 is best but Nd6 is also
possible. However, Rc1 would leave White with an unpleasant heterogeneous
position.Black lost his way with the cautious 28...b6, 28...Ng4 is almost
impossible to answer. Once again, mark wriggles out of his difficulties by
active defence.} 1. e4 g6 2. Nc3 Bg7 3. f4 c6 4. d4 d6 5. Nf3 Bg4 6. Be3 Qb6 7.
Qd3 d5 8. exd5 Bxf3 9. gxf3 Nh6 10. Bh3 cxd5 11. Nxd5 Qa5+ 12. Nc3 O-O 13. d5
Na6 14. f5 Rfd8 15. fxg6 Rxd5 16. gxf7+ Nxf7 17. Qe2 Rb5 18. O-O Rxb2 19. Ne4
Nb4 20. Rac1 Nd5 21. Bd2 Qc7 22. f4 Qc6 23. Bg2 Rc8 24. Kh1 Rxc2 25. Rxc2 Qxc2
26. Ng3 Rd8 27. Qe1 Nf6 28. Be3 b6 29. Bf3 Nd6 30. Bd4 Kf8 31. Bxf6 Bxf6 32.
Bd5 Nf5 33. Qe6 Rxd5 34. Qxd5 Ne3 35. Qa8+ Kf7 36. Rg1 Ng4 37. Qd5+ Kf8 38.
Qa8+ Kf7 39. Qd5+ 1/2-1/2

[Event "Robert Silk Young Masters"]
[Site "London Barbican"]
[Date "1982.07.18"]
[Round "5"]
[White "Motwani, Paul"]
[Black "Conquest, Stuart"]
[Result "1-0"]
[WhiteElo "2255"]
[BlackElo "2275"]
[Annotator "Reuben, Stewart"]
[PlyCount "111"]
[EventDate "1982.07.13"]
[EventType "tourn"]
[EventRounds "9"]
[EventCountry "ENG"]
[EventCategory "5"]

{Paul seemed annoyed at the aspersions cast on the weakness of his tripled
pawns. After all, he did have an extra baby! 26 Qa1 looks a bizarre
decentralisation. Perhaps 27...f5 weakens the e-pawn too much, but jettisoning
a pawn with 31...Qf6 was unnecessary. Even then it was difficult for White to
win, because his extra pawns were so fragile. Stuart commented that his play
seems to go off in the 5th hour, Harry Golombek questions his endgame
technique. Of course, both technical deficiences are remediable.} 1. e4 c5 2.
Nf3 Nf6 3. e5 Nd5 4. Nc3 e6 5. g3 Nc6 6. Bg2 d6 7. exd6 Bxd6 8. O-O O-O 9. d4
Nxc3 10. bxc3 Be7 11. Be3 Bd7 12. Rb1 Na5 13. dxc5 Qe8 14. Ne5 Bb5 15. Re1 f6
16. Nd3 a6 17. Nf4 Rd8 18. Qc1 Qf7 19. a4 Bc4 20. Qa3 e5 21. Nd3 Rd7 22. Qb4
Nc6 23. Qb2 a5 24. Rbd1 Rfd8 25. Qb1 Ba2 26. Qa1 Be6 27. Nb2 f5 28. Qc1 Bf6 29.
Bg5 Bxg5 30. Qxg5 h6 31. Qe3 Qf6 32. Rxd7 Rxd7 33. Bxc6 bxc6 34. Qxe5 Qxe5 35.
Rxe5 Kf7 36. Nd3 Kf6 37. Re1 g5 38. f3 Bd5 39. Kf2 Rb7 40. Re8 Rb1 41. Rf8+ Ke7
42. Rxf5 Ra1 43. Ne5 Ke6 44. g4 Rxa4 45. c4 Bxc4 46. Nxc6 Ra2 47. Nd4+ Kd7 48.
c6+ Kc7 49. Rc5 Ba6 50. Ke3 a4 51. Kd2 Kb6 52. Rc3 Kc7 53. Kc1 Ra1+ 54. Kb2 Rd1
55. Nf5 Bc8 56. Nxh6 1-0

[Event "Robert Silk Young Masters"]
[Site "London Barbican"]
[Date "1982.07.18"]
[Round "5"]
[White "Taulbut, Shaun M"]
[Black "Davies, Nigel Rodney"]
[Result "0-1"]
[WhiteElo "2465"]
[BlackElo "2410"]
[Annotator "Reuben, Stewart"]
[PlyCount "60"]
[EventDate "1982.07.13"]
[EventType "tourn"]
[EventRounds "9"]
[EventCountry "ENG"]
[EventCategory "5"]

{Shaun was most scathing about his own game, claiming errors on nearly every
move. 7 e5 was perhaps a little previous. 8 e6 is questionable pawn sacrifice.
10 h4 seems to be a slow way of proceeding. 12 Bxc5 followed by Bc4 would have
given White a satisfactory game. 13 Nxb5 is a better way to capture. 14 Bxc5
followed by Bc4 is still best. Shaun is perhaps beng over-particular and let
us no take Nigel's triumph away from him. 18 b4 was just one way of going down.
} 1. d4 g6 2. e4 Bg7 3. Nc3 d6 4. Be3 Nf6 5. h3 O-O 6. Nf3 Na6 7. e5 Nd7 8. e6
fxe6 9. Ng5 Nf6 10. h4 c5 11. dxc5 Nxc5 12. Bc4 b5 13. Bxb5 Rb8 14. Bc4 Rb4 15.
Qe2 d5 16. Bxc5 Rxc4 17. Nxe6 Qa5 18. b4 Qa3 19. Nb5 Qb2 20. O-O Rxc2 21. Qd1
Rd2 22. Qe1 Re2 23. Rb1 Rxe1 24. Rfxe1 Qxa2 25. Nxg7 Ne4 26. Ra1 Qc4 27. Na3
Qc3 28. Nb5 Qd3 29. Nxa7 Nxc5 30. bxc5 Qc2 0-1

[Event "Robert Silk Young Masters"]
[Site "London Barbican"]
[Date "1982.07.18"]
[Round "5"]
[White "Watson, William N"]
[Black "Rogulj, Branko"]
[Result "1-0"]
[WhiteElo "2370"]
[BlackElo "2400"]
[Annotator "Reuben, Stewart"]
[PlyCount "57"]
[EventDate "1982.07.13"]
[EventType "tourn"]
[EventRounds "9"]
[EventCountry "ENG"]
[EventCategory "5"]

{How can an experienced International Master play so badly? Rogulj was lost
possibly as early as move 6. This is most disappointing as we had high hopes
of Branko playing good chess, as he has so often in the past.} 1. e4 Nf6 2. Nc3
e5 3. g3 c6 4. d4 Qa5 5. Bg2 exd4 6. Qxd4 Bc5 7. Qe5+ Kd8 8. Be3 d6 9. Rd1 Nbd7
10. Rxd6 Nd5 11. Bxc5 Qxc5 12. Nxd5 cxd5 13. Ne2 Qxc2 14. Rxd5 Re8 15. Qxg7 b6
16. O-O Qxe2 17. Rfd1 Rb8 18. Qxf7 Rb7 19. Bh3 Re7 20. Qf8+ Re8 21. Qf6+ Re7
22. Qh8+ Re8 23. Qxh7 Re7 24. Qg8+ Re8 25. Qg5+ Re7 26. e5 Qxb2 27. e6 Qh8 28.
exd7 Rbxd7 29. Rxd7+ 1-0

[Event "Robert Silk Young Masters"]
[Site "London Barbican"]
[Date "1982.07.19"]
[Round "6"]
[White "Conquest, Stuart"]
[Black "Hebden, Mark L"]
[Result "0-1"]
[WhiteElo "2275"]
[BlackElo "2415"]
[Annotator "Reuben, Stewart"]
[PlyCount "78"]
[EventDate "1982.07.13"]
[EventType "tourn"]
[EventRounds "9"]
[EventCountry "ENG"]
[EventCategory "5"]

{White seemed to make only one minor error, 7 Qd3 instead of Be2. This allowed
Hebden to create a weakness on the kingside. Now the king had no totally safe
haven. Stuart was quite unable to create any counterplay and was just creamed
on the queenside. Once again showing how important it is not to allow Mark a
strategically straightforward game.} 1. d4 Nf6 2. Nc3 d5 3. Bg5 Nbd7 4. Nf3 h6
5. Bxf6 Nxf6 6. e3 Bg4 7. Qd3 Bxf3 8. gxf3 c6 9. e4 e6 10. O-O-O Qa5 11. Kb1
O-O-O 12. Bh3 Kb8 13. e5 Nd7 14. f4 g6 15. Ne2 c5 16. dxc5 Nxc5 17. Qe3 Na4 18.
Nd4 Rc8 19. Nb3 Qc7 20. Rc1 b5 21. Bf1 a6 22. Bd3 Be7 23. c3 Bd8 24. Nd4 Qd7
25. Rhd1 Bb6 26. Bc2 Nc5 27. Qe2 Qe7 28. Ka1 Rc7 29. Rd2 Rhc8 30. Rcd1 Ka7 31.
Bb1 Nb7 32. Rd3 Na5 33. Qe1 Rc4 34. b4 Nc6 35. Nxc6+ R8xc6 36. Qd2 Qh4 37. Rf3
Qg4 38. Rg3 Qxf4 39. Qxf4 Rxf4 0-1

[Event "Robert Silk Young Masters"]
[Site "London Barbican"]
[Date "1982.07.19"]
[Round "6"]
[White "Cox, John J"]
[Black "Motwani, Paul"]
[Result "0-1"]
[WhiteElo "2300"]
[BlackElo "2255"]
[Annotator "Reuben, Stewart"]
[PlyCount "182"]
[EventDate "1982.07.13"]
[EventType "tourn"]
[EventRounds "9"]
[EventCountry "ENG"]
[EventCategory "5"]

{Now really, there should be a law to protect bulletin editors from games
exceeding 40 moves, especially with Cox's monstrous and illegal scoring. One
comment only, why did White allow his pawn on h4 to become so weak? 47 hxg5 is
obvious.} 1. c4 b6 2. d4 e6 3. a3 d5 4. cxd5 exd5 5. Nc3 Nf6 6. g3 Be7 7. Bg2
Bb7 8. Nh3 O-O 9. Nf4 Na6 10. O-O c6 11. b4 Nc7 12. Qb3 Ba6 13. Rd1 Bc4 14. Qc2
a5 15. bxa5 Rxa5 16. Nd3 Nd7 17. Bb2 b5 18. Nb4 Bxb4 19. axb4 Rxa1 20. Rxa1 Nb6
21. Nd1 Qe7 22. Ne3 Qxb4 23. Ba3 Qa5 24. Nf5 Nc8 25. Qb2 b4 26. Bxb4 Qb6 27.
Qd2 Re8 28. Bc5 Qb7 29. Bf3 Ne6 30. Ba3 f6 31. h4 Kh8 32. Bc1 Qd7 33. Ne3 Bb5
34. Bb2 Nd6 35. Qa5 g6 36. Qa7 Re7 37. Qa8+ Re8 38. Qa7 Re7 39. Qxd7 Rxd7 40.
Bg4 f5 41. Bf3 Kg7 42. Nc2 Ne4 43. e3 Rb7 44. Ba3 h6 45. Bxe4 fxe4 46. Bd6 g5
47. Ra8 gxh4 48. gxh4 Kg6 49. Nb4 Kh5 50. Re8 Ng7 51. Re7 Rxe7 52. Bxe7 Nf5 53.
Bd8 Nxh4 54. Bxh4 Kxh4 55. Kg2 Kg4 56. Nc2 h5 57. Ne1 Be2 58. Kh2 h4 59. Kg2
h3+ 60. Kh2 Bd1 61. Kg1 Kh4 62. Kh2 Bg4 63. Nc2 Bd7 64. Ne1 Kg4 65. Kg1 Kf5 66.
Kh2 Kf6 67. Nc2 Ke7 68. Nb4 Kd6 69. Na2 c5 70. dxc5+ Kxc5 71. Nc3 Bg4 72. Nb1
Kc4 73. Na3+ Kb4 74. Nc2+ Kc3 75. Nd4 Kd2 76. Kg1 Bc8 77. Kf1 Ba6+ 78. Kg1 Bc4
79. Ne6 Ke1 80. Nf4 h2+ 81. Kxh2 Kxf2 82. Ng2 Bb5 83. Nf4 Bc6 84. Ng2 Bb7 85.
Kh3 Bc8+ 86. Kh2 Be6 87. Kh1 Kf3 88. Kg1 Bd7 89. Kh2 Bb5 90. Kg1 Bc4 91. Kh2
Bf1 0-1

[Event "Robert Silk Young Masters"]
[Site "London Barbican"]
[Date "1982.07.19"]
[Round "6"]
[White "Norris, Alan J"]
[Black "Watson, William N"]
[Result "0-1"]
[WhiteElo "2280"]
[BlackElo "2370"]
[Annotator "Reuben, Stewart"]
[PlyCount "81"]
[EventDate "1982.07.13"]
[EventType "tourn"]
[EventRounds "9"]
[EventCountry "ENG"]
[EventCategory "5"]

{It is hard to say where exactly White went wrong, perhaps his pawn sacrifice
was incorrect. It is strange that Black had to sacrifice the exchange in order
to make progress when a sound pawn up. 27...Nh5 instead of checking seems to
win immediately. Willie overlooked that 28 Rh5 allowed mate in one!} 1. d4 Nf6
2. c4 g6 3. Nc3 Bg7 4. e4 O-O 5. Bg5 d6 6. Qd2 a6 7. f3 Nc6 8. Nge2 Rb8 9. h4
e5 10. Nd5 Nxd4 11. Nxd4 exd4 12. O-O-O c5 13. h5 Be6 14. g4 Bxd5 15. exd5 b5
16. Bh6 Bxh6 17. Qxh6 Qe7 18. hxg6 fxg6 19. Bd3 bxc4 20. Bxc4 Rb4 21. b3 Rfb8
22. Rh2 a5 23. Qd2 a4 24. Qe1 Rxc4+ 25. bxc4 Qb7 26. Qe6+ Kg7 27. g5 Qb1+ 28.
Kd2 Qb2+ 29. Ke1 Qc3+ 30. Kf2 Nh5 31. Rxh5 Qe3+ 32. Kg3 gxh5 33. Qf6+ Kg8 34.
Qe6+ Qxe6 35. dxe6 Re8 36. Re1 Kg7 37. Kh4 Kg6 38. f4 Re7 39. Re2 a3 40. Re1
Kf5 41. Kxh5 0-1

[Event "Robert Silk Young Masters"]
[Site "London Barbican"]
[Date "1982.07.19"]
[Round "6"]
[White "Rogulj, Branko"]
[Black "Taulbut, Shaun M"]
[Result "0-1"]
[WhiteElo "2400"]
[BlackElo "2465"]
[Annotator "Reuben, Stewart"]
[PlyCount "80"]
[EventDate "1982.07.13"]
[EventType "tourn"]
[EventRounds "9"]
[EventCountry "ENG"]
[EventCategory "5"]

{Rogulj obtained a perfectly good position from the opening, even somewhat the
better of it with e5 affording him more space. Then, when his queenside attack
fizzled out, he was left with a bad bishop ending.} 1. e4 e5 2. Nf3 Nc6 3. Bb5
Nf6 4. O-O Bc5 5. Nxe5 Nxe5 6. d4 c6 7. dxe5 Nxe4 8. Bd3 d5 9. Nd2 Bf5 10. Qf3
Nxd2 11. Bxd2 Bxd3 12. Qxd3 Qd7 13. b4 Bb6 14. Qg3 O-O-O 15. a4 Rde8 16. a5 Bc7
17. f4 f6 18. Qf2 a6 19. Rae1 d4 20. exf6 gxf6 21. c4 f5 22. Qf3 Rxe1 23. Rxe1
Re8 24. Rb1 d3 25. b5 Re2 26. bxa6 bxa6 27. Bc3 Rc2 28. Be5 d2 29. Rd1 Rc1 30.
Kf2 Rxd1 31. Qxd1 Qd3 32. Bxc7 Kxc7 33. c5 h5 34. g3 Kd7 35. h3 Kc7 36. Kg2 Kd8
37. Kf2 Kd7 38. g4 Qd4+ 39. Ke2 fxg4 40. hxg4 hxg4 0-1

[Event "Robert Silk Young Masters"]
[Site "London Barbican"]
[Date "1982.07.19"]
[Round "6"]
[White "Tisdall, Jonathan D"]
[Black "Davies, Nigel Rodney"]
[Result "1-0"]
[WhiteElo "2435"]
[BlackElo "2410"]
[Annotator "Reuben, Stewart"]
[PlyCount "107"]
[EventDate "1982.07.13"]
[EventType "tourn"]
[EventRounds "9"]
[EventCountry "ENG"]
[EventCategory "5"]

{My favourite type of game to watch in progress. A swashbuckiling, gory affair
rendered perhaps a little random by time-trouble. Playing such games will lead
these innocents to have a hiarstyle like mine. No real comments for fear of
inaccuracy, but might not 32 Qxf5 have led to a simple advantage? Doesn't 36...
Bf6 win? After White's 39th, his king is amazingly safe.} 1. d4 g6 2. e4 Bg7 3.
c4 c5 4. d5 d6 5. Nf3 Nf6 6. Nc3 O-O 7. Be2 e6 8. O-O Re8 9. Nd2 Na6 10. dxe6
Rxe6 11. Bf3 Nd7 12. Nd5 Nc7 13. Ne3 Ne5 14. Be2 Nc6 15. Bd3 Re8 16. Nb3 b6 17.
f3 a6 18. Rb1 b5 19. a3 Be6 20. Qc2 Rc8 21. f4 Nd4 22. Nxd4 cxd4 23. f5 Bd7 24.
Ng4 bxc4 25. Qxc4 d5 26. Qb3 Qh4 27. h3 Kh8 28. exd5 Bxf5 29. Bxf5 gxf5 30. d6
Rb8 31. Qxf7 Nb5 32. d7 Rf8 33. Qd5 fxg4 34. Rxf8+ Rxf8 35. Bg5 Qf2+ 36. Kh1
Nc7 37. Qd6 gxh3 38. Rg1 hxg2+ 39. Kh2 Qf5 40. Qxf8+ Bxf8 41. d8=Q Ne6 42. Qf6+
Qxf6 43. Bxf6+ Kg8 44. Kxg2 Bh6 45. Rd1 Be3 46. Bh4 Bh6 47. Kf3 Bg7 48. b4 Kf7
49. Ke4 Nc7 50. a4 Ke6 51. Bf2 Nd5 52. Bxd4 Bxd4 53. Kxd4 Nxb4 54. Kc5 1-0

[Event "Robert Silk Young Masters"]
[Site "London Barbican"]
[Date "1982.07.20"]
[Round "7"]
[White "Davies, Nigel Rodney"]
[Black "Rogulj, Branko"]
[Result "0-1"]
[WhiteElo "2410"]
[BlackElo "2400"]
[Annotator "Reuben, Stewart"]
[PlyCount "58"]
[EventDate "1982.07.13"]
[EventType "tourn"]
[EventRounds "9"]
[EventCountry "ENG"]
[EventCategory "5"]

{It is very difficult to stop a general slide down in an all-play-all
tournament, so all credit to Rogulj for wnning. But what was Davies thinking
of? Why didn't he try to regain his pawns, which would have been reasonably
easy at first?} 1. c4 c5 2. g3 g6 3. Bg2 Bg7 4. Nc3 Nc6 5. a3 a6 6. Rb1 Rb8 7.
b4 cxb4 8. axb4 b5 9. cxb5 axb5 10. Nf3 d5 11. O-O Bf5 12. e4 dxe4 13. Nh4 Qd3
14. Bb2 Nf6 15. Re1 O-O 16. Nxf5 gxf5 17. Bf1 Qd7 18. d3 exd3 19. Qxd3 Qxd3 20.
Bxd3 Rfd8 21. Red1 Nxb4 22. Bf1 Rxd1 23. Nxd1 Nfd5 24. Ba3 Nc2 25. Bc5 Bd4 26.
Bxd4 Nxd4 27. Ne3 Nc3 28. Rb4 Rd8 29. Kg2 e6 0-1